| 000 | 00753nam a2200313Ia 4500 | ||
|---|---|---|---|
| 008 | 170203s9999 xx 000 0 und d | ||
| 020 | _a0-590251708 | ||
| 050 | _aFic | ||
| 050 | _bM379l | ||
| 100 | _aMartin, Ann M. | ||
| 245 | _aLittle Miss Stoneybrook-- and Dawn / | ||
| 245 | _cAnn M. Martin. | ||
| 260 | _aNew York : | ||
| 260 | _bScholastic Inc., | ||
| 260 | _c©1988. | ||
| 300 | _a152 pages ; | ||
| 300 | _c20 cm. | ||
| 500 | _a"An Apple paperback." | ||
| 650 | _aBabysitters -- | ||
| 650 | _aBeauty contests -- | ||
| 650 | _aClubs -- | ||
| 650 | _aFamily life -- | ||
| 650 | _aFriendship -- | ||
| 650 | _xFiction. | ||
| 650 | _xFiction. | ||
| 650 | _xFiction. | ||
| 650 | _xFiction. | ||
| 650 | _xFiction. | ||
| 999 |
_c306460 _d306460 |
||